| 000 | 00449cam a2200181ua 4500 | ||
|---|---|---|---|
| 020 | _c40.00 | ||
| 041 |
_aeng _h |
||
| 082 |
_a028.7358 _bUSH/DI |
||
| 100 | _aUsher, George . | ||
| 245 |
_aDictionary of botany / _cGeorge Usher. _hTextual Documents |
||
| 250 |
_a1 / _b. |
||
| 260 |
_aNew Delhi : _bC B S Publishers & Distributers , _c1983. |
||
| 300 | _a408 ; . | ||
| 365 | _a40.00 | ||
| 504 | _a | ||
| 942 | _cBK | ||
| 999 |
_c9191 _d9191 |
||